logo

Bir Sreshtho Munshi Abdur Rouf Library
Jhenaidah Cadet College

তাফসীরে মাযহারী / (Record no. 6151)

MARC details
000 -LEADER
fixed length control field 00875nam a2200229 a 4500
001 - CONTROL NUMBER
JCCL Control Number 6151
003 - CONTROL NUMBER IDENTIFIER
JCCL marc code BD-JhCC
005 - DATE AND TIME OF LATEST TRANSACTION
control field 20200402134008.0
008 - FIXED-LENGTH DATA ELEMENTS--GENERAL INFORMATION
fixed length control field 180114s1997 b |||| || | 000 0 eng d
020 ## - INTERNATIONAL STANDARD BOOK NUMBER
International Standard Book Number 9840603752
035 ## - SYSTEM CONTROL NUMBER
system control number (BD-JhCC)6151
040 ## - CATALOGING SOURCE
Original cataloging agency BD-JhCC
Modifying agency BD-JhCC
041 ## - LANGUAGE CODE
Language code of Book eng
082 ## - DEWEY DECIMAL CLASSIFICATION NUMBER
Classification number 297.1227
Author mark and Year TAF 1997
245 ## - TITLE STATEMENT
Title তাফসীরে মাযহারী /
Remainder of title আল্লামা কাযী মুহাম্মদ ছানাউল্লাহ পানীপথী (র.) অনুবাদ
260 ## - PUBLICATION, DISTRIBUTION, ETC. (IMPRINT)
Place of publication, distribution, etc ঢাকা :
Name of publisher, distributor, etc ইসলামিক ফাউন্ডেশন বাংলাদেশ,
Date of publication, distribution, etc 1997.
300 ## - PHYSICAL DESCRIPTION
Pagination 751 p. :
Dimensions 23 cm.
650 ## - SUBJECT ADDED ENTRY--TOPICAL TERM
Topical term or geographic name as entry element Al- Quran
700 ## - ADDED ENTRY--PERSONAL NAME
Personal name পানীপথী, আল্লামা কাযী মুহাম্মদ ছানাউল্লাহ
942 ## - ADDED ENTRY ELEMENTS (KOHA)
Source of classification or shelving scheme Dewey Decimal Classification
Koha item type Books
Koha issues (borrowed), all copies 2
Holdings
Source of classification or shelving scheme volume number Damaged status Not for loan Home library Current library Shelving location Cost, normal purchase price Total Checkouts Full call number Barcode Date last seen Date checked out Koha item type Copy number Date of accession Method of acquisition Currency
Dewey Decimal Classification V-1     JCC Rouf Library JCC Rouf Library General Stacks 230.00 1 297.1227 TAF 1997 431 04/04/2020 04/01/2020 Books        
Dewey Decimal Classification V-2     JCC Rouf Library JCC Rouf Library General Stacks 240.00   297.1227 TAF 1997 432 01/14/2018   Books C - 1      
Dewey Decimal Classification V-3     JCC Rouf Library JCC Rouf Library General Stacks 250.00   297.1227 TAF 1997 433 01/14/2018   Books C - 1      
Dewey Decimal Classification V-4     JCC Rouf Library JCC Rouf Library General Stacks 203.00   297.1227 TAF 1997 434 01/14/2018   Books C - 1      
Dewey Decimal Classification V-1     JCC Rouf Library JCC Rouf Library General Stacks 628.00 1 297.1227 TAF 1997 17801 09/26/2023 08/23/2023 Books C-2 06/07/2023 Purchase BDT
Dewey Decimal Classification V-2     JCC Rouf Library JCC Rouf Library General Stacks 628.00   297.1227 TAF 1997 17802 06/07/2023   Books C-2 06/07/2023 Purchase BDT
Dewey Decimal Classification V-3     JCC Rouf Library JCC Rouf Library General Stacks 628.00   297.1227 TAF 1997 17803 06/07/2023   Books C-2 06/07/2023 Purchase BDT
Dewey Decimal Classification V-4     JCC Rouf Library JCC Rouf Library General Stacks 628.00   297.1227 TAF 1997 17804 06/07/2023   Books C-2 06/07/2023 Purchase BDT
Dewey Decimal Classification V-5     JCC Rouf Library JCC Rouf Library General Stacks 628.00   297.1227 TAF 1997 17805 06/07/2023   Books C-1 06/07/2023 Purchase BDT
Dewey Decimal Classification V-6     JCC Rouf Library JCC Rouf Library General Stacks 628.00   297.1227 TAF 1997 17806 06/07/2023   Books C-1 06/07/2023 Purchase BDT
Dewey Decimal Classification V-7     JCC Rouf Library JCC Rouf Library General Stacks 628.00   297.1227 TAF 1997 17807 06/07/2023   Books C-1 06/07/2023 Purchase BDT
Dewey Decimal Classification V-8     JCC Rouf Library JCC Rouf Library General Stacks 628.00   297.1227 TAF 1997 17808 06/07/2023   Books C-1 06/07/2023 Purchase BDT
Dewey Decimal Classification V-10     JCC Rouf Library JCC Rouf Library General Stacks 628.00   297.1227 TAF 1997 17809 06/07/2023   Books C-1 06/07/2023 Purchase BDT
Dewey Decimal Classification V-11     JCC Rouf Library JCC Rouf Library General Stacks 628.00   297.1227 TAF 1997 17810 06/07/2023   Books C-1 06/07/2023 Purchase BDT
Dewey Decimal Classification V-12     JCC Rouf Library JCC Rouf Library General Stacks 628.00   297.1227 TAF 1997 17811 06/07/2023   Books C-1 06/07/2023 Purchase BDT
Dewey Decimal Classification V-13     JCC Rouf Library JCC Rouf Library General Stacks 628.00 1 297.1227 TAF 1997 17812 11/15/2023 10/25/2023 Books C-1 06/07/2023 Purchase BDT
Dewey Decimal Classification V-9     JCC Rouf Library JCC Rouf Library General Stacks 624.00   297.1227 TAF 2004 18600 02/01/2024   Books C-1   Purchase BDT

JCC Library | Contacts | JCC Home

Last Update on 23 September 2017
Copyright @ 2017-2020 JCC Rouf Library
Rouf Library, Jhenidah Cadet College (JCC), Bangladesh